Business Economics 1
Gespeichert in:
| 1. Verfasser: | |
|---|---|
| Körperschaft: | |
| Weitere Verfasser: | |
| Format: | Buch |
| Sprache: | Englisch |
| Veröffentlicht: |
Banská Bystrica
Belianum
2020
|
| Schlagworte: | |
| Tags: |
Keine Tags, Fügen Sie das erste Tag hinzu!
|
MARC
| LEADER | 00000nam a2200000 4500 | ||
|---|---|---|---|
| 001 | 0276456 | ||
| 005 | 20230118111405.1 | ||
| 020 | |a 978-80-557-1788-3 | ||
| 041 | 0 | |a eng | |
| 044 | |a SK | ||
| 245 | 1 | 0 | |a Business Economics 1 |c Ladislav Klement, Vladimíra Klementová |
| 264 | 1 | |a Banská Bystrica |b Belianum |c 2020 | |
| 300 | |a 103 s. | ||
| 610 | 2 | 0 | |a podnik |
| 610 | 2 | 0 | |a hospodárstvo podnikové |
| 610 | 2 | 0 | |a veľkosť podnikov |
| 610 | 2 | 0 | |a ciele podnikové |
| 610 | 2 | 0 | |a aktíva |
| 610 | 2 | 0 | |a náklady |
| 610 | 2 | 0 | |a kalkulácia nákladov |
| 610 | 2 | 0 | |a oceňovanie |
| 610 | 2 | 0 | |a príjmy |
| 610 | 2 | 0 | |a výsledok hospodársky |
| 610 | 2 | 0 | |a zisk podnikový |
| 100 | 1 | |a Klement, Ladislav | |
| 700 | 1 | |a Klementová, Vladimíra | |
| 710 | 2 | |a Univerzita Mateja Bela v Banskej Bystrici. Ekonomická fakulta | |